[Event "DEM U14w 2019"]
[Site "Willingen GER"]
[Date "2019.06.13"]
[Round "7"]
[White "Doll, Rebecca"]
[Black "Butenandt, Svenja"]
[Result "1/2-1/2"]
[Termination "normal"]
[Board "2"]
[WhiteElo "1678"]
[BlackElo "1722"]
[WhiteClock "00:01:44"]
[BlackClock "00:00:58"]
[PlyCount "72"]
[WhiteFideId "16236890"]
[BlackFideId "12993859"]
[EventCountry "GER"]
[EventRounds "9"]
[EventType "swiss"]
[EventDate "2019.06.08"]

1. e4 {[%clk 1:30:57]} 1... c5 {[%clk 1:30:57]} 2. c3 {[%clk 1:31:21]} 2... d5
{[%clk 1:31:24]} 3. exd5 {[%clk 1:31:40]} 3... Qxd5 {[%clk 1:31:48]} 4. d4 {
[%clk 1:31:57]} 4... Nf6 {[%clk 1:32:10]} 5. Nf3 {[%clk 1:32:10]} 5... e6 {
[%clk 1:32:35]} 6. Be2 {[%clk 1:32:17]} 6... Nc6 {[%clk 1:32:52]} 7. O-O {
[%clk 1:30:30]} 7... Be7 {[%clk 1:31:55]} 8. Be3 {[%clk 1:25:43]} 8... cxd4 {
[%clk 1:24:38]} 9. Nxd4 {[%clk 1:18:56]} 9... Nxd4 {[%clk 1:15:21]} 10. Bxd4 {
[%clk 1:13:54]} 10... O-O {[%clk 1:13:41]} 11. Re1 {[%clk 1:07:01]} 11... Rd8 {
[%clk 1:09:36]} 12. Nd2 {[%clk 1:01:11]} 12... Qf5 {[%clk 1:02:49]} 13. Bf3 {
[%clk 0:48:54]} 13... Qb5 {[%clk 0:56:04]} 14. Qc2 {[%clk 0:45:29]} 14... Qd7 {
[%clk 0:46:55]} 15. Rad1 {[%clk 0:42:33]} 15... Nd5 {[%clk 0:40:23]} 16. a3 {
[%clk 0:36:25]} 16... Qc7 {[%clk 0:35:39]} 17. Qb3 {[%clk 0:28:30]} 17... Bd6 {
[%clk 0:31:13]} 18. h3 {[%clk 0:24:23]} 18... Bc5 {[%clk 0:27:31]} 19. Nc4 {
[%clk 0:16:49]} 19... Bxd4 {[%clk 0:25:31]} 20. Rxd4 {[%clk 0:17:00]} 20... Ne7
{[%clk 0:22:57]} 21. Rxd8+ {[%clk 0:16:23]} 21... Qxd8 {[%clk 0:23:21]} 22. Rd1
{[%clk 0:14:39]} 22... Qc7 {[%clk 0:22:50]} 23. Nd6 {[%clk 0:12:31]} 23... Nc6
{[%clk 0:21:31]} 24. Qc4 {[%clk 0:09:19]} 24... Bd7 {[%clk 0:16:51]} 25. Nb5 {
[%clk 0:07:01]} 25... Qc8 {[%clk 0:16:59]} 26. Qf4 {[%clk 0:06:40]} 26... Be8 {
[%clk 0:13:46]} 27. Qd6 {[%clk 0:05:39]} 27... Na5 28. Nc7 {[%clk 0:05:38]}
28... Rb8 {[%clk 0:08:11]} 29. Nxe8 {[%clk 0:05:06]} 29... Qxe8 {[%clk 0:08:27]
} 30. Qb4 {[%clk 0:05:12]} 30... Nc6 {[%clk 0:07:34]} 31. Qc5 {[%clk 0:05:11]}
31... a6 {[%clk 0:04:03]} 32. Qb6 {[%clk 0:04:06]} 32... h6 {[%clk 0:02:15]}
33. Bxc6 {[%clk 0:03:56]} 33... bxc6 {[%clk 0:01:36]} 34. Qxa6 {[%clk 0:03:51]}
34... Rxb2 {[%clk 0:01:52]} 35. Qd3 {[%clk 0:02:16]} 35... Rb3 {[%clk 0:00:58]}
36. Qa6 {[%clk 0:01:44]} 36... Rb8 1/2-1/2

[Event "DEM U14w 2019"]
[Site "Willingen GER"]
[Date "2019.06.13"]
[Round "7"]
[White "Yue, Qizhou"]
[Black "Gerber, Anna Sophie"]
[Result "1/2-1/2"]
[Termination "normal"]
[Board "3"]
[WhiteElo "1840"]
[BlackElo "1473"]
[WhiteClock "00:34:45"]
[BlackClock "00:16:46"]
[PlyCount "59"]
[WhiteFideId "16273800"]
[BlackFideId "16270231"]
[EventCountry "GER"]
[EventRounds "9"]
[EventType "swiss"]
[EventDate "2019.06.08"]

1. e4 {[%clk 1:30:58]} 1... c5 {[%clk 1:30:52]} 2. Nf3 {[%clk 1:31:23]} 2... e6
{[%clk 1:31:09]} 3. g3 {[%clk 1:31:40]} 3... Nc6 {[%clk 1:27:37]} 4. Bg2 {
[%clk 1:31:44]} 4... Nf6 {[%clk 1:26:25]} 5. Nc3 {[%clk 1:30:35]} 5... d5 {
[%clk 1:23:46]} 6. exd5 {[%clk 1:30:27]} 6... exd5 {[%clk 1:23:49]} 7. d4 {
[%clk 1:30:08]} 7... Be6 {[%clk 1:12:05]} 8. O-O {[%clk 1:28:26]} 8... Be7 {
[%clk 1:06:43]} 9. h3 {[%clk 1:17:15]} 9... O-O {[%clk 0:58:02]} 10. Be3 {
[%clk 1:16:51]} 10... c4 {[%clk 0:52:15]} 11. Ne5 {[%clk 1:15:05]} 11... Qc8 {
[%clk 0:49:35]} 12. Kh2 {[%clk 1:13:45]} 12... Rd8 {[%clk 0:46:52]} 13. f4 {
[%clk 1:12:14]} 13... h5 {[%clk 0:45:20]} 14. Ne2 {[%clk 1:03:21]} 14... Bf5 {
[%clk 0:44:08]} 15. c3 {[%clk 1:00:07]} 15... a6 {[%clk 0:38:38]} 16. Ng1 {
[%clk 0:59:33]} 16... g6 {[%clk 0:37:13]} 17. Ngf3 {[%clk 0:58:48]} 17... Ne4 {
[%clk 0:35:33]} 18. Nxc6 {[%clk 0:50:48]} 18... bxc6 {[%clk 0:35:24]} 19. Ne5 {
[%clk 0:50:11]} 19... Rb8 {[%clk 0:34:54]} 20. g4 {[%clk 0:49:09]} 20... hxg4 {
[%clk 0:31:36]} 21. hxg4 {[%clk 0:49:30]} 21... Be6 {[%clk 0:30:31]} 22. Bxe4 {
[%clk 0:47:58]} 22... dxe4 {[%clk 0:30:09]} 23. Rb1 {[%clk 0:47:07]} 23... Kg7
{[%clk 0:28:46]} 24. f5 {[%clk 0:46:56]} 24... Rh8+ {[%clk 0:27:19]} 25. Kg1 {
[%clk 0:39:54]} 25... gxf5 {[%clk 0:25:56]} 26. gxf5 {[%clk 0:39:44]} 26...
Bxf5 {[%clk 0:25:34]} 27. Rf2 {[%clk 0:37:15]} 27... Kf8 {[%clk 0:17:59]} 28.
Qf1 {[%clk 0:35:46]} 28... Rg8+ {[%clk 0:17:01]} 29. Kh1 {[%clk 0:34:52]} 29...
Rh8+ {[%clk 0:16:46]} 30. Kg1 {[%clk 0:34:45]} 1/2-1/2

[Event "DEM U14w 2019"]
[Site "Willingen GER"]
[Date "2019.06.13"]
[Round "7"]
[White "Orlova, Alicia"]
[Black "Bildat, Emilia"]
[Result "1-0"]
[Termination "normal"]
[Board "4"]
[WhiteElo "1621"]
[BlackElo "1649"]
[WhiteClock "00:16:35"]
[BlackClock "00:33:07"]
[PlyCount "53"]
[WhiteFideId "34154563"]
[BlackFideId "16218140"]
[EventCountry "GER"]
[EventRounds "9"]
[EventType "swiss"]
[EventDate "2019.06.08"]

1. e4 {[%clk 1:30:58]} 1... c5 {[%clk 1:30:51]} 2. b3 {[%clk 1:31:05]} 2... Nc6
{[%clk 1:30:52]} 3. Bb2 {[%clk 1:30:21]} 3... e5 {[%clk 1:29:23]} 4. d3 { [%clk
1:28:18]} 4... Nge7 {[%clk 1:28:46]} 5. g3 {[%clk 1:27:14]} 5... d6 { [%clk
1:28:18]} 6. f4 {[%clk 1:24:42]} 6... g6 {[%clk 1:26:59]} 7. Nf3 { [%clk
1:22:05]} 7... Bg7 {[%clk 1:25:34]} 8. Bg2 {[%clk 1:19:32]} 8... O-O { [%clk
1:24:42]} 9. O-O {[%clk 1:17:00]} 9... Bd7 {[%clk 1:20:57]} 10. c3 { [%clk
1:16:07]} 10... d5 {[%clk 1:16:10]} 11. Nbd2 {[%clk 1:10:04]} 11... Qb6 { [%clk
1:04:22]} 12. Kh1 {[%clk 1:06:51]} 12... h6 {[%clk 0:59:01]} 13. Qe2 { [%clk
1:03:53]} 13... exf4 {[%clk 0:57:02]} 14. gxf4 {[%clk 1:03:38]} 14... Rfe8
{[%clk 0:56:59]} 15. Qf2 {[%clk 0:55:45]} 15... Qa5 {[%clk 0:51:38]} 16. e5
{[%clk 0:53:41]} 16... Nf5 {[%clk 0:49:02]} 17. Nh4 {[%clk 0:50:09]} 17... Nxh4
{[%clk 0:45:10]} 18. Qxh4 {[%clk 0:50:32]} 18... Ne7 {[%clk 0:45:25]} 19. Qf2
{[%clk 0:43:55]} 19... Bc6 {[%clk 0:44:26]} 20. Rg1 {[%clk 0:39:56]} 20... Nf5
{[%clk 0:42:29]} 21. Nf3 {[%clk 0:36:18]} 21... f6 {[%clk 0:40:03]} 22. Bh3
{[%clk 0:34:41]} 22... Kh7 {[%clk 0:37:33]} 23. Bxf5 {[%clk 0:30:44]} 23...
gxf5 {[%clk 0:37:36]} 24. Qg3 {[%clk 0:30:48]} 24... Rg8 {[%clk 0:36:28]} 25.
Qg6+ {[%clk 0:30:36]} 25... Kh8 {[%clk 0:36:51]} 26. exf6 {[%clk 0:30:48]}
26... Qc7 {[%clk 0:33:07]} 27. f7 {[%clk 0:16:35]} 1-0

[Event "DEM U14w 2019"]
[Site "Willingen GER"]
[Date "2019.06.13"]
[Round "7"]
[White "Buchholz, Maja"]
[Black "Heutling, Elina"]
[Result "1-0"]
[Termination "normal"]
[Board "6"]
[WhiteElo "1657"]
[BlackElo "1712"]
[WhiteClock "00:40:04"]
[BlackClock "00:17:34"]
[PlyCount "89"]
[WhiteFideId "16200500"]
[BlackFideId "16244729"]
[EventCountry "GER"]
[EventRounds "9"]
[EventType "swiss"]
[EventDate "2019.06.08"]

1. c4 {[%clk 1:30:57]} 1... Nf6 {[%clk 1:30:52]} 2. g3 {[%clk 1:31:21]} 2... g6
{[%clk 1:31:07]} 3. Bg2 {[%clk 1:31:45]} 3... Bg7 {[%clk 1:31:30]} 4. Nf3 {
[%clk 1:32:07]} 4... O-O {[%clk 1:31:42]} 5. O-O {[%clk 1:32:34]} 5... d6 {
[%clk 1:31:48]} 6. d3 {[%clk 1:32:35]} 6... c5 {[%clk 1:29:08]} 7. Nc3 { [%clk
1:32:35]} 7... Nc6 {[%clk 1:26:32]} 8. a3 {[%clk 1:31:52]} 8... e5 { [%clk
1:24:21]} 9. Rb1 {[%clk 1:30:10]} 9... Rb8 {[%clk 1:06:50]} 10. b4 { [%clk
1:29:37]} 10... Ne8 {[%clk 1:04:39]} 11. b5 {[%clk 1:25:38]} 11... Na5 { [%clk
0:58:11]} 12. Bd2 {[%clk 1:23:19]} 12... f5 {[%clk 0:53:21]} 13. Qa4 { [%clk
1:18:11]} 13... Nf6 {[%clk 0:42:21]} 14. Rfc1 {[%clk 1:15:35]} 14... h6 { [%clk
0:37:52]} 15. Ne1 {[%clk 1:09:00]} 15... b6 {[%clk 0:34:31]} 16. Nc2 { [%clk
1:01:21]} 16... Bb7 {[%clk 0:32:24]} 17. Ne3 {[%clk 0:57:36]} 17... Bxg2 {[%clk
0:31:07]} 18. Kxg2 {[%clk 0:57:55]} 18... Nd7 {[%clk 0:23:41]} 19. Ned5 {[%clk
0:57:01]} 19... g5 {[%clk 0:22:50]} 20. Rf1 {[%clk 0:47:55]} 20... g4 { [%clk
0:22:07]} 21. Rh1 {[%clk 0:45:50]} 21... f4 {[%clk 0:16:30]} 22. Ne4 { [%clk
0:39:48]} 22... f3+ {[%clk 0:14:30]} 23. exf3 {[%clk 0:39:58]} 23... gxf3+
{[%clk 0:11:51]} 24. Kg1 {[%clk 0:39:08]} 24... Qe8 {[%clk 0:10:17]} 25. Nxd6
{[%clk 0:38:07]} 25... Qe6 {[%clk 0:10:09]} 26. Ne4 {[%clk 0:36:53]} 26... Qh3
{[%clk 0:09:52]} 27. Ne3 {[%clk 0:37:02]} 27... Nf6 {[%clk 0:08:32]} 28. Bxa5
{[%clk 0:29:58]} 28... Ng4 {[%clk 0:07:29]} 29. Rb2 {[%clk 0:28:42]} 29... bxa5
{[%clk 0:06:24]} 30. Qxa5 {[%clk 0:27:12]} 30... Rbd8 {[%clk 0:05:11]} 31. Qd2
{[%clk 0:22:20]} 31... Rd4 {[%clk 0:03:27]} 32. Qd1 {[%clk 0:19:26]} 32... Rfd8
{[%clk 0:02:30]} 33. Qxf3 {[%clk 0:17:50]} 33... Rxd3 {[%clk 0:02:16]} 34. Qxg4
{[%clk 0:15:53]} 34... Rd1+ {[%clk 0:02:15]} 35. Qxd1 {[%clk 0:16:05]} 35...
Rxd1+ {[%clk 0:02:41]} 36. Nxd1 {[%clk 0:16:27]} 36... Qf5 { [%clk 0:02:42]}
37. Ndc3 {[%clk 0:14:29]} 37... Qf3 {[%clk 0:02:48]} 38. Rd2 { [%clk 0:13:58]}
38... Qf7 {[%clk 0:01:22]} 39. Kg2 {[%clk 0:11:54]} 39... Qxc4 {[%clk 0:01:22]}
40. Rhd1 {[%clk 0:11:32]} 40... Qb3 {[%clk 0:01:13]} 41. a4 { [%clk 0:11:53]}
41... Qb4 {[%clk 0:22:39]} 42. Rd5 {[%clk 0:41:19]} 42... c4 { [%clk 0:21:51]}
43. Rd7 {[%clk 0:40:54]} 43... Qa5 {[%clk 0:18:45]} 44. R1d6 { [%clk 0:39:56]}
44... Bh8 {[%clk 0:17:34]} 45. Rd8+ {[%clk 0:40:04]} 1-0

[Event "DEM U14w 2019"]
[Site "Willingen GER"]
[Date "2019.06.13"]
[Round "7"]
[White "Li, Zixin"]
[Black "Zöllner, Bente"]
[Result "0-1"]
[Termination "normal"]
[Board "10"]
[WhiteElo "1284"]
[BlackElo "1530"]
[WhiteClock "01:33:21"]
[BlackClock "00:21:34"]
[PlyCount "96"]
[WhiteFideId "16244770"]
[BlackFideId "16230523"]
[EventCountry "GER"]
[EventRounds "9"]
[EventType "swiss"]
[EventDate "2019.06.08"]

1. e4 {[%clk 1:30:58]} 1... c5 {[%clk 1:30:51]} 2. Nf3 {[%clk 1:31:23]} 2...
Nc6 {[%clk 1:31:14]} 3. d4 {[%clk 1:31:51]} 3... cxd4 {[%clk 1:31:38]} 4. Nxd4
{[%clk 1:32:18]} 4... e5 {[%clk 1:32:00]} 5. Nb5 {[%clk 1:31:50]} 5... d6 {
[%clk 1:32:12]} 6. N1c3 {[%clk 1:32:07]} 6... a6 {[%clk 1:32:16]} 7. Na3 {
[%clk 1:32:32]} 7... b5 {[%clk 1:32:37]} 8. Nd5 {[%clk 1:32:19]} 8... Nge7 {
[%clk 1:32:33]} 9. Bd3 {[%clk 1:30:43]} 9... Nxd5 {[%clk 1:29:45]} 10. exd5 {
[%clk 1:31:03]} 10... Ne7 {[%clk 1:27:59]} 11. c4 {[%clk 1:30:13]} 11... Nf5 {
[%clk 1:20:46]} 12. Nc2 {[%clk 1:29:27]} 12... Be7 {[%clk 1:19:05]} 13. cxb5 {
[%clk 1:28:55]} 13... O-O {[%clk 1:17:58]} 14. bxa6 {[%clk 1:29:15]} 14... Bxa6
{[%clk 1:17:53]} 15. Bxf5 {[%clk 1:29:34]} 15... Qa5+ {[%clk 1:16:49]} 16. Qd2
{[%clk 1:28:41]} 16... Qb5 {[%clk 1:16:11]} 17. Bg4 {[%clk 1:26:28]} 17... Bb7
{[%clk 1:07:45]} 18. Bf3 {[%clk 1:25:24]} 18... Rfc8 {[%clk 1:02:47]} 19. Ne3 {
[%clk 1:24:15]} 19... Bd8 {[%clk 0:59:18]} 20. Nf5 {[%clk 1:22:40]} 20... Ba5 {
[%clk 0:56:30]} 21. Ne7+ {[%clk 1:19:13]} 21... Kf8 {[%clk 0:55:51]} 22. Qxa5 {
[%clk 1:18:50]} 22... Rxa5 {[%clk 0:53:59]} 23. Nxc8 {[%clk 1:19:08]} 23...
Bxc8 {[%clk 0:54:02]} 24. a3 {[%clk 1:17:05]} 24... Bb7 {[%clk 0:49:57]} 25. b4
{[%clk 1:15:38]} 25... Ra8 {[%clk 0:45:23]} 26. Be3 {[%clk 1:15:08]} 26... Bxd5
{[%clk 0:42:26]} 27. Bxd5 {[%clk 1:15:29]} 27... Qxd5 {[%clk 0:42:35]} 28. O-O
{[%clk 1:15:56]} 28... Qb5 {[%clk 0:42:26]} 29. Rfd1 {[%clk 1:15:29]} 29... Ke7
{[%clk 0:40:13]} 30. Ra2 {[%clk 1:14:11]} 30... Ke6 {[%clk 0:38:40]} 31. Rda1 {
[%clk 1:14:33]} 31... Ra4 {[%clk 0:37:07]} 32. Re1 {[%clk 1:13:32]} 32... Qc4 {
[%clk 0:33:06]} 33. Raa1 {[%clk 1:13:10]} 33... f5 {[%clk 0:27:38]} 34. Reb1 {
[%clk 1:12:48]} 34... Qd3 {[%clk 0:22:17]} 35. b5 {[%clk 1:12:13]} 35... Rxa3 {
[%clk 0:22:15]} 36. b6 {[%clk 1:12:27]} 36... Rxa1 {[%clk 0:22:18]} 37. Rxa1 {
[%clk 1:12:45]} 37... Qb3 {[%clk 0:22:06]} 38. g3 {[%clk 1:12:29]} 38... f4 {
[%clk 0:18:17]} 39. gxf4 {[%clk 1:12:54]} 39... exf4 {[%clk 0:18:34]} 40. Bd4 {
[%clk 1:12:59]} 40... Qb4 {[%clk 0:11:52]} 41. Rd1 {[%clk 1:10:05]} 41... f3 {
[%clk 0:09:31]} 42. Be3 {[%clk 1:08:18]} 42... Qb5 {[%clk 0:04:53]} 43. h3 {
[%clk 1:05:00]} 43... d5 {[%clk 0:29:03]} 44. Kh2 {[%clk 1:34:45]} 44... Qb3 {
[%clk 0:27:24]} 45. Rd4 {[%clk 1:34:20]} 45... g5 {[%clk 0:23:43]} 46. Kg3 {
[%clk 1:33:46]} 46... h5 {[%clk 0:22:30]} 47. Kxf3 {[%clk 1:33:35]} 47... Qxb6
{[%clk 0:21:34]} 48. Rxd5 {[%clk 1:33:21]} 48... Qc6 0-1

[Event "DEM U14w 2019"]
[Site "Willingen GER"]
[Date "2019.06.13"]
[Round "7"]
[White "Liu, Sijia Anna"]
[Black "Margaryan, Susanna"]
[Result "1-0"]
[Termination "normal"]
[Board "14"]
[WhiteElo "1689"]
[BlackElo "1187"]
[PlyCount "57"]
[WhiteFideId "12989746"]
[BlackFideId "16268210"]
[EventCountry "GER"]
[EventRounds "9"]
[EventType "swiss"]
[EventDate "2019.06.08"]

1. e4 d5 2. exd5 Qxd5 3. Nc3 Qa5 4. d4 c6 5. Bc4 Bf5 6. Nf3 Nf6 7. O-O e6 8.
Re1 Bg4 9. d5 cxd5 10. Nxd5 Nxd5 11. Bxd5 Qc7 12. h3 Bxf3 13. Qxf3 Nc6 14. Bf4
Qc8 15. Qg3 Nd4 16. Re4 Nf5 17. Qb3 Qd7 18. Rae1 Be7 19. Bxb7 Rd8 20. Rc4 O-O
21. Bc6 Qc8 22. Be4 Qd7 23. Rc7 Qd4 24. c3 Qf6 25. Rxa7 Rfe8 26. Qc2 g6 27. Bc6
Rf8 28. Bc7 Rc8 29. Be5 1-0

[Event "DEM U14w 2019"]
[Site "Willingen GER"]
[Date "2019.06.14"]
[Round "8"]
[White "Bashylina, Luisa"]
[Black "Orlova, Alicia"]
[Result "1-0"]
[Termination "normal"]
[Board "1"]
[WhiteTitle "WCM"]
[WhiteElo "1812"]
[BlackElo "1621"]
[WhiteClock "00:42:35"]
[BlackClock "00:46:09"]
[PlyCount "49"]
[WhiteFideId "12983292"]
[BlackFideId "34154563"]
[EventCountry "GER"]
[EventRounds "9"]
[EventType "swiss"]
[EventDate "2019.06.08"]

1. e4 {[%clk 1:30:56]} 1... e5 {[%clk 1:30:49]} 2. Nf3 {[%clk 1:31:23]} 2... d6
{[%clk 1:31:01]} 3. d4 {[%clk 1:31:10]} 3... exd4 {[%clk 1:31:10]} 4. Nxd4 {
[%clk 1:31:32]} 4... Nf6 {[%clk 1:31:20]} 5. Nc3 {[%clk 1:31:56]} 5... Be7 {
[%clk 1:31:24]} 6. Be3 {[%clk 1:32:20]} 6... O-O {[%clk 1:30:43]} 7. f3 { [%clk
1:32:02]} 7... Re8 {[%clk 1:30:10]} 8. Qd2 {[%clk 1:32:09]} 8... Nc6 { [%clk
1:28:43]} 9. O-O-O {[%clk 1:32:06]} 9... a6 {[%clk 1:24:34]} 10. g4 { [%clk
1:21:22]} 10... Nd7 {[%clk 1:17:18]} 11. Nd5 {[%clk 1:19:02]} 11... Nde5 {[%clk
1:10:56]} 12. Nxe7+ {[%clk 1:17:53]} 12... Qxe7 {[%clk 1:09:34]} 13. Be2 {[%clk
1:08:38]} 13... Be6 {[%clk 0:56:15]} 14. Nf5 {[%clk 1:03:12]} 14... Bxf5 {[%clk
0:54:25]} 15. gxf5 {[%clk 1:03:12]} 15... Rad8 {[%clk 0:54:28]} 16. Rhg1 {[%clk
0:57:49]} 16... f6 {[%clk 0:53:35]} 17. Bh6 {[%clk 0:55:11]} 17... Kh8 { [%clk
0:50:11]} 18. Bxg7+ {[%clk 0:55:07]} 18... Qxg7 {[%clk 0:50:32]} 19. Rxg7
{[%clk 0:55:33]} 19... Kxg7 {[%clk 0:50:55]} 20. Rg1+ {[%clk 0:55:52]} 20...
Ng6 {[%clk 0:49:18]} 21. fxg6 {[%clk 0:55:11]} 21... hxg6 {[%clk 0:49:39]} 22.
Qc3 {[%clk 0:50:39]} 22... d5 {[%clk 0:47:57]} 23. f4 {[%clk 0:46:08]} 23...
Rxe4 {[%clk 0:47:45]} 24. Bd3 {[%clk 0:43:39]} 24... Rxf4 {[%clk 0:46:09]} 25.
Bxg6 {[%clk 0:42:35]} 1-0

[Event "DEM U14w 2019"]
[Site "Willingen GER"]
[Date "2019.06.14"]
[Round "8"]
[White "Heutling, Elina"]
[Black "Avetyan, Manan"]
[Result "1-0"]
[Termination "normal"]
[Board "6"]
[WhiteElo "1712"]
[BlackElo "1307"]
[WhiteClock "00:22:40"]
[BlackClock "00:04:30"]
[PlyCount "51"]
[WhiteFideId "16244729"]
[BlackFideId "16244737"]
[EventCountry "GER"]
[EventRounds "9"]
[EventType "swiss"]
[EventDate "2019.06.08"]

1. e4 {[%clk 1:30:58]} 1... e5 {[%clk 1:30:56]} 2. Nf3 {[%clk 1:31:23]} 2...
Nc6 {[%clk 1:31:21]} 3. Bb5 {[%clk 1:31:43]} 3... a6 {[%clk 1:31:39]} 4. Ba4 {
[%clk 1:32:07]} 4... Nge7 {[%clk 1:31:53]} 5. O-O {[%clk 1:31:33]} 5... g6 {
[%clk 1:31:23]} 6. c3 {[%clk 1:28:15]} 6... Bg7 {[%clk 1:27:40]} 7. d4 { [%clk
1:21:14]} 7... exd4 {[%clk 1:22:21]} 8. cxd4 {[%clk 1:20:41]} 8... b5 { [%clk
1:21:51]} 9. Bc2 {[%clk 1:20:19]} 9... d6 {[%clk 1:20:46]} 10. h3 { [%clk
1:14:23]} 10... O-O {[%clk 1:18:33]} 11. Be3 11... Bb7 {[%clk 1:02:07]} 12. Qd2
{[%clk 1:06:22]} 12... f5 {[%clk 0:52:54]} 13. Bh6 {[%clk 1:03:39]} 13... a5
{[%clk 0:33:33]} 14. Bxg7 {[%clk 1:01:55]} 14... Kxg7 {[%clk 0:33:59]} 15. d5
{[%clk 0:52:39]} 15... Nb4 {[%clk 0:31:30]} 16. Nd4 {[%clk 0:48:35]} 16... Bc8
{[%clk 0:27:51]} 17. Nc3 {[%clk 0:37:27]} 17... Nxc2 {[%clk 0:25:47]} 18. Qxc2
{[%clk 0:36:48]} 18... b4 {[%clk 0:24:27]} 19. Ncb5 19... fxe4 { [%clk
0:16:51]} 20. Nxc7 {[%clk 0:34:48]} 20... Kg8 {[%clk 0:07:56]} 21. Nxa8 { [%clk
0:34:26]} 21... Ba6 {[%clk 0:07:01]} 22. Nc7 {[%clk 0:24:52]} 22... Bxf1 {[%clk
0:07:26]} 23. Rxf1 {[%clk 0:24:21]} 23... Qd7 {[%clk 0:06:21]} 24. Nce6 {[%clk
0:23:32]} 24... Rc8 {[%clk 0:06:38]} 25. Qxe4 {[%clk 0:23:30]} 25... Qb7 {[%clk
0:04:30]} 26. Nf4 {[%clk 0:22:40]} 1-0

[Event "DEM U14w 2019"]
[Site "Willingen GER"]
[Date "2019.06.14"]
[Round "8"]
[White "Zöllner, Bente"]
[Black "Kalina, Lena"]
[Result "1/2-1/2"]
[Termination "normal"]
[Board "8"]
[WhiteElo "1530"]
[BlackElo "1687"]
[WhiteClock "00:03:48"]
[BlackClock "00:00:34"]
[PlyCount "117"]
[WhiteFideId "16230523"]
[BlackFideId "12988014"]
[EventCountry "GER"]
[EventRounds "9"]
[EventType "swiss"]
[EventDate "2019.06.08"]

1. d4 {[%clk 1:30:58]} 1... Nf6 {[%clk 1:30:54]} 2. c4 {[%clk 1:31:21]} 2... g6
{[%clk 1:31:19]} 3. Nc3 {[%clk 1:31:43]} 3... Bg7 {[%clk 1:31:39]} 4. e4 {
[%clk 1:32:00]} 4... d6 {[%clk 1:31:50]} 5. f4 {[%clk 1:32:03]} 5... O-O {
[%clk 1:30:51]} 6. Nf3 {[%clk 1:31:53]} 6... c5 {[%clk 1:28:43]} 7. d5 { [%clk
1:31:49]} 7... e6 {[%clk 1:26:00]} 8. dxe6 {[%clk 1:30:30]} 8... fxe6 { [%clk
1:24:06]} 9. Bd3 {[%clk 1:23:55]} 9... Nc6 {[%clk 1:19:51]} 10. O-O { [%clk
1:20:52]} 10... Nh5 {[%clk 1:05:19]} 11. Ne2 {[%clk 1:15:01]} 11... b6 { [%clk
0:52:54]} 12. a3 {[%clk 1:00:05]} 12... Bb7 {[%clk 0:46:30]} 13. Rb1 { [%clk
0:55:27]} 13... a5 {[%clk 0:44:36]} 14. Qe1 {[%clk 0:49:53]} 14... a4 { [%clk
0:39:40]} 15. g4 {[%clk 0:40:01]} 15... Nf6 {[%clk 0:39:07]} 16. Qh4 { [%clk
0:35:49]} 16... Nd7 {[%clk 0:36:18]} 17. Qh3 {[%clk 0:29:02]} 17... Na5 { [%clk
0:26:58]} 18. Ng5 {[%clk 0:24:55]} 18... Rf6 {[%clk 0:14:58]} 19. Nxh7 { [%clk
0:17:35]} 19... Rf7 {[%clk 0:14:22]} 20. Ng5 {[%clk 0:17:17]} 20... Rf6 { [%clk
0:14:08]} 21. Qh7+ {[%clk 0:13:23]} 21... Kf8 {[%clk 0:14:28]} 22. f5 { [%clk
0:12:44]} 22... gxf5 {[%clk 0:10:59]} 23. exf5 {[%clk 0:11:22]} 23... exf5
{[%clk 0:09:02]} 24. Rxf5 {[%clk 0:09:46]} 24... Qe7 {[%clk 0:07:00]} 25. Rxf6+
{[%clk 0:08:13]} 25... Nxf6 {[%clk 0:05:10]} 26. Qf5 {[%clk 0:07:35]} 26... Bc8
{[%clk 0:03:47]} 27. Nh7+ {[%clk 0:07:00]} 27... Ke8 {[%clk 0:01:56]} 28. Nxf6+
{[%clk 0:06:09]} 28... Bxf6 {[%clk 0:01:41]} 29. Qg6+ {[%clk 0:05:32] } 29...
Kd8 {[%clk 0:01:23]} 30. Bf4 {[%clk 0:03:25]} 30... Kc7 {[%clk 0:00:41] } 31.
g5 {[%clk 0:01:49]} 31... Be5 {[%clk 0:00:38]} 32. Qh7 {[%clk 0:01:20]} 32...
Qxh7 {[%clk 0:00:45]} 33. Bxh7 {[%clk 0:01:44]} 33... Be6 {[%clk 0:00:36] } 34.
Bxe5 {[%clk 0:01:07]} 34... dxe5 {[%clk 0:01:02]} 35. Nc3 {[%clk 0:01:20] }
35... Nxc4 {[%clk 0:00:47]} 36. Re1 {[%clk 0:01:12]} 36... Rd8 { [%clk
0:00:33]} 37. g6 {[%clk 0:01:04]} 37... Kc6 {[%clk 0:00:32]} 38. Kf2 { [%clk
0:00:52]} 38... Bg8 {[%clk 0:00:40]} 39. Bxg8 {[%clk 0:00:53]} 39... Rxg8
{[%clk 0:01:06]} 40. Rg1 {[%clk 0:01:18]} 40... Nxb2 {[%clk 0:00:35]} 41. g7 {
[%clk 0:01:02]} 41... Nd3+ {[%clk 0:29:02]} 42. Ke3 {[%clk 0:28:43]} 42... Nf4
{[%clk 0:27:26]} 43. h4 {[%clk 0:28:05]} 43... b5 {[%clk 0:16:27]} 44. Rg5 {
[%clk 0:24:24]} 44... Ne6 {[%clk 0:12:17]} 45. Rg6 {[%clk 0:23:17]} 45... Kd7 {
[%clk 0:12:06]} 46. h5 {[%clk 0:21:06]} 46... Rxg7 {[%clk 0:10:54]} 47. Nxb5 {
[%clk 0:16:15]} 47... Rxg6 {[%clk 0:06:27]} 48. hxg6 {[%clk 0:16:23]} 48... Ke7
{[%clk 0:06:04]} 49. Ke4 {[%clk 0:13:46]} 49... Kf6 {[%clk 0:05:15]} 50. Nc3 {
[%clk 0:12:13]} 50... Kxg6 {[%clk 0:01:57]} 51. Nxa4 {[%clk 0:10:12]} 51... Kf6
{[%clk 0:01:15]} 52. Nb6 {[%clk 0:09:35]} 52... Ng5+ {[%clk 0:00:44]} 53. Ke3 {
[%clk 0:08:39]} 53... Ke6 {[%clk 0:00:46]} 54. a4 {[%clk 0:07:38]} 54... Kd6 {
[%clk 0:00:43]} 55. Nc4+ {[%clk 0:06:53]} 55... Kd5 {[%clk 0:00:39]} 56. Nb6+ {
[%clk 0:06:02]} 56... Kc6 {[%clk 0:00:39]} 57. Nc4 {[%clk 0:05:45]} 57... e4 {
[%clk 0:00:35]} 58. Nd2 {[%clk 0:04:17]} 58... Kb6 {[%clk 0:00:34]} 59. Nxe4 {
[%clk 0:03:48]} 1/2-1/2